|
|
|
|
| LEADER |
00000nam#a2200000#a#4500 |
| 001 |
011137 |
| 003 |
AR-BeUNQ |
| 005 |
20191018094806.0 |
| 008 |
960506s1992####mx##################spa#d |
| 999 |
|
|
|c 13553
|d 88940
|
| 020 |
|
|
|a 9701002024
|
| 040 |
|
|
|a AR-beUNQ
|e aacr
|
| 099 |
|
|
|a 27-F2
|
| 100 |
1 |
|
|a Fitzgerald, AE
|
| 245 |
0 |
0 |
|a Máquinas eléctricas
|c A.E Fitzgerald ; Charles Kingsley ; Stephen D Umans.
|
| 250 |
|
|
|a 5a. ed.
|
| 260 |
|
|
|a México D.F :
|b McGraw-Hill,
|c 1992
|
| 300 |
|
|
|a xiii,670 p. :
|b gráficos
|
| 650 |
|
7 |
|a CIRCUITOS
|2 Spines
|
| 650 |
|
7 |
|a TRANSFORMADORES
|2 Spines
|
| 650 |
|
7 |
|a TECNOLOGIA ELECTRICA
|2 Spines
|
| 650 |
|
7 |
|a ENERGIA ELECTRICA
|2 Spines
|
| 650 |
|
7 |
|a ENERGIA MECANICA
|2 Spines
|
| 650 |
|
7 |
|a MAQUINARIA
|2 Spines
|
| 650 |
|
7 |
|a MOTORES
|2 Spines
|
| 653 |
|
|
|a Máquinas eléctricas
|
| 700 |
1 |
|
|a Kingsley, Charles
|
| 700 |
1 |
|
|a Umans, Stephen D
|
| 929 |
|
|
|a COMPRA
|b C and C
|c Exp. 827-0492/95
|d 28,50
|e 19950808
|j 13798
|
| 929 |
|
|
|a COMPRA
|b C and C
|c Exp. 827-0492/95
|d 28,50
|e 19950808
|j 13799
|
| 942 |
|
|
|c LIB
|n 0
|